| 000 | 01147cam a2200313 a 4500 | ||
|---|---|---|---|
| 001 | 78055 | ||
| 003 | BD-RjUL | ||
| 005 | 20211209083102.0 | ||
| 008 | 210223s20071428le b 001 0 ara d | ||
| 020 | _a9953270872 | ||
| 035 | _a(BD-RjUL)78281 | ||
| 040 |
_aMH _cMH _dCStRLIN _dPU _beng |
||
| 041 | _aara | ||
| 066 | _c(3 | ||
| 082 |
_223 _a892.71 _bIMD 2007 [1428] |
||
| 100 | 0 |
_a امرئ القيس ;; Imruʼ al-Qays, _d497-545. _9245143 |
|
| 245 | 1 | 0 |
_aديوان امرئ القيس ;; Dīwān Imriʼ al-Qays / _c امرئ القيس ; محمد الاسكندراني ; نهاد رزوق ;; Imruʾ al-Qays.; Muḥammad Al- Iskandarānī; Nuhād Razzūq |
| 250 | _aal-Ṭabʿah 1. | ||
| 260 |
_aBayrūt : _bDar al kitab al arabi, _c1428 [2007] |
||
| 300 |
_a399 p. ; _c24 cm. |
||
| 490 | _aŠuʿarāʾu-nā. | ||
| 504 | _aIncludes bibliographical references | ||
| 650 | 0 |
_aArabic poetry _yTo 622. _9245144 |
|
| 700 |
_aاسكندراني , محمد ;; Iskandarani, Muhammad _9245936 |
||
| 700 |
_aرزوق, نهاد ;'; Razzouq, Nihad _9245937 |
||
| 830 |
_aŠuʿarāʾu-nā. _9245938 |
||
| 942 |
_2ddc _cBK |
||
| 999 |
_c78055 _d78055 |
||